The Christian home in a changing world. (Record no. 13236)

000 -LEADER
fixed length control field 00549nam a2200181 a 4500
001 - CONTROL NUMBER
control field :::00011054$&:&@@
003 - CONTROL NUMBER IDENTIFIER
control field OkBaRHE
005 - DATE AND TIME OF LATEST TRANSACTION
control field 20000607103405.0
008 - FIXED-LENGTH DATA ELEMENTS--GENERAL INFORMATION
fixed length control field s1972 j 000 0 eng u
040 ## - CATALOGING SOURCE
Transcribing agency
100 1# - MAIN ENTRY--PERSONAL NAME
Personal name Getz, Gene A.
245 14 - TITLE STATEMENT
Title The Christian home in a changing world.
260 ## - PUBLICATION, DISTRIBUTION, ETC. (IMPRINT)
Place of publication, distribution, etc Chicago, IL., :
Name of publisher, distributor, etc Moody Press
Date of publication, distribution, etc c1972
300 ## - PHYSICAL DESCRIPTION
Extent 107 p. ;
Dimensions 22 cm.
650 ## - SUBJECT ADDED ENTRY--TOPICAL TERM
Topical term or geographic name as entry element Family
General subdivision Religious Life
942 ## - ADDED ENTRY ELEMENTS (KOHA)
Source of classification or shelving scheme
Koha item type Books
Copies
Damaged status Koha item type Date last seen Full call number Barcode Copy number Not for loan Price effective from Shelving location Withdrawn status Source of classification or shelving scheme Date acquired Permanent Location Lost status
 Books2010-04-14BV 4526.2 .G47110541 2010-04-14General Stacks  2010-04-14RHEMA Bible Training College